pokemon that start with j - Statistics

General Stats
  • This quiz has been taken 8 times
  • The average score is 5 of 8
Answer Stats
Hint Answer % Correct
Gen I Jolteon
83%
Gen I Jigglypuff
67%
Gen III Jirachi
67%
Gen IV Jynx
67%
Gen IV Jellicent
50%
Gen II Jumpluff
50%
Gen VII Jangmo-o
33%
Gen IV Joltik
33%
No matching quizzes found
Score Distribution
Percent of People with Each Score
Percentile by Number Answered
Your Score History
You have not taken this quiz